Programa nacional de investigación, evaluación, prevención, reducción y control de fuentes terrestes marinas de contaminación al mar / (Registro nro. 4382)

Detalles MARC
000 -CABECERA
Campo de control 00918nam a2200229 a 4500
005 - FECHA Y HORA DE LA ULTIMA TRANSACCION
Campo de control 20160223154118.0
008 - ELEMENTOS DE LONGITUD FIJA—INFORMACION GENERAL
Campo de control 140314s2004 ck do fr||||o00| 0 spa d
040 ## - FUENTE DE CATALOGACIÓN
Agencia catalogadora original CO-BoIAVH
Agencia transcriptora CO-BoIAVH
041 0# - IDIOMA
Código de idioma para texto/pista de sonido o título separado Español
044 ## - PAÍS DE PUBLICACIÓN
País de publicación Colombia
082 04 - NUMERO DE CLASIFICACION DECIMAL DEWEY
Número de clasificación 354.334
Número del ítem G21p
100 1# - ASIENTO PRINCIPAL--NOMBRE PERSONAL
Nombre personal Garay Tinoco, Jesús Antonio
9 (RLIN) 21904
245 ## - MENCION DE TITULO
Título Programa nacional de investigación, evaluación, prevención, reducción y control de fuentes terrestes marinas de contaminación al mar /
Mención de responsabilidad Ministerio de Ambiente, INVEMAR, Comisión Colombiana del Océano
260 ## - PUBLICACION, DISTRIBUCION, ETC. (PIE DE IMPRENTA)
Lugar de publicación, distribución, etc. Santa Marta :
Nombre del editor, distribuidor, etc. INVEMAR,
Fecha de publicación, distribución, etc. 2004.
300 ## - DESCRIPCION FISICA
Extensión 134 páginas :
Otros detalles físicos Gráficos , fotografías ;
Dimensiones 28 x 21 cm.
650 #6 - ASIENTO SECUNDARIO DE MATERIA - TERMINO TEMATICO
Término temático o nombre geográfico como elemento de entrada Plan de acción
9 (RLIN) 62352
650 #6 - ASIENTO SECUNDARIO DE MATERIA - TERMINO TEMATICO
Término temático o nombre geográfico como elemento de entrada Contaminación marina
9 (RLIN) 31816
650 #6 - ASIENTO SECUNDARIO DE MATERIA - TERMINO TEMATICO
Término temático o nombre geográfico como elemento de entrada Conservación del agua
9 (RLIN) 62353
700 1# - ASIENTO SECUNDARIO - NOMBRE PERSONAL
Nombre personal Vélez Gutiérrez, Ana María
9 (RLIN) 21905
710 2# - ASIENTO SECUNDARIO - NOMBRE CORPORATIVO
Nombre corporativo o de jurisdicción como elemento de entrada Instituto de Investigaciones Marinas y Costeras
9 (RLIN) 19933
942 ## - ELEMENTOS ADICIONALES (KOHA)
Tipo de ítem Libro
Sistema de clasificación Dewey Decimal Classification
Existencias
Withdrawn status Lost status Sistema de Clasificación Damaged status No para préstamo Colección Inventariado Ubicación Permanente Ubicación actual Fecha de adquisición Fuente de Valor Valor Total Checkouts Número topográfico Inventario / Código de Barras Date last seen Ejemplar Price effective from Forma de adquisición Tipo de material
    Dewey Decimal Classification     General Inventariado 2017 Bogotá Bogotá 06/04/2005 Instituto 15000.00   LB-354.334 G21p 025705 04/12/2012 Ej. 1 04/12/2012   Libro
    Dewey Decimal Classification     General Inventariado 2017 Sala Fabio Quevedo Sala Fabio Quevedo 23/02/2016 Instituto 15000.00   LB-354.334 G21p 017729 23/02/2016 Ej. 2. 23/02/2016   Libro